Statistics for 15 Largest Cities in Bhutan🏯🇧🇹

Click here to take the quiz!

General Stats

  • This quiz has been taken 27 times
  • The average score is 5 of 15

Answer Stats

PopulationCities% Correct
98kThimphu
100%
4kJakar
35%
2kMongar
30%
17kPhuntsholing
30%
21kPunakha
30%
7kSamdrup Jongkhar
30%
3kTrashi Yangtse
30%
7kWangdue Phodrang
30%
5kSamtse
22%
10kSarpang
22%
2kTrongsa
22%
18kTsirang
22%
2kDaga
17%
13kPemagatshel
17%
2kTsimasham
17%

Score Distribution

Percentile by Number Answered

Percent of People with Each Score

Your Score History

You have not taken this quiz